Definición dialéctica del derecho
Salvato in:
| Autore principale: | |
|---|---|
| Natura: | Libro |
| Lingua: | spagnolo |
| Pubblicazione: |
Madrid
Marsiega
1981
|
| Soggetti: | |
| Tags: |
Aggiungi Tag
Nessun Tag, puoi essere il primo ad aggiungerne!!
|
MARC
| LEADER | 00000nam a2200000 a 4500 | ||
|---|---|---|---|
| 001 | UCV1160 | ||
| 003 | CL-VaPUC | ||
| 008 | 891115e19810000SP |||||||||||||||||spa|d | ||
| 082 | 0 | 4 | |a 340.1 |b SAI |2 21 |
| 100 | 0 | |a Sainz Moreno, Javier |e author |9 295402 | |
| 245 | 1 | 0 | |a Definición dialéctica del derecho |
| 300 | |a 236 p | ||
| 942 | |c BK | ||
| 945 | |d 19891115 00:00:00 | ||
| 260 | |a Madrid |b Marsiega |c 1981 | ||
| 650 | 0 | |a Filosofía del derecho |9 255050 | |
| 650 | 7 | |a DERECHO |2 CL-VaPUC |9 295403 | |
| 583 | |a last modification |c 19891115 00:00:00 |k Rodrigo Vera | ||
| 999 | |c 209196 |d 209194 | ||
| 952 | |0 0 |1 0 |4 0 |6 340_100000000000000_SAI_1981 |7 0 |8 DER_TF |9 184500 |a BIBDER |b BIBDER |d 2019-11-14 |i 2517604 |o 340.1 SAI 1981 |p 2517604 |r 2023-01-25 |w 2019-11-14 |x Ubicación 4to Piso |y BK |z Estos recursos deben solicitarse con anticipación |k DER | ||